Bienvenido a nuestro catálago, Biblioteca Universidad Monteávila

La sonrisa de las mujeres (Registro nro. 12645)

Detalles MARC
000 -CABECERA
campo de control de longitud fija 01385nam a2200301 i 4500
003 - IDENTIFICADOR DEL NÚMERO DE CONTROL
campo de control vecauma
005 - FECHA Y HORA DE LA ÚLTIMA TRANSACCIÓN
campo de control 20251117130527.0
007 - CAMPO FIJO DE DESCRIPCIÓN FÍSICA--INFORMACIÓN GENERAL
campo de control de longitud fija ta
008 - DATOS DE LONGITUD FIJA--INFORMACIÓN GENERAL
campo de control de longitud fija 251105t2011 ck |||||r|||| 00| 0 spa d
020 ## - ISBN
Número Internacional Estándar del Libro 9788467037135
040 ## - FUENTE DE LA CATALOGACIÓN
Centro catalogador/agencia de origen vecauma
Lengua de catalogación spa
Centro/agencia transcriptor vecauma
Centro/agencia modificador vecauma
Normas de descripción rda
041 1# - CÓDIGO DE LENGUA
Código de lengua del recurso spa
Código idioma del recurso original ger
099 ## - Cota
Número de clasificación PT2702
Cutter A757 A5
Año 2011
100 1# - AUTOR PERSONAL
Nombre de persona Barreau, Nicolas,
Fechas asociadas al nombre 1980-
Término indicativo de función/relación autor
9 (RLIN) 13720
245 13 - MENCIÓN DE TÍTULO
Título La sonrisa de las mujeres
Mención de responsabilidad, etc. / Nicolas Barreau ; traducción de Carmen Blas Álvarez.
264 #1 - PRODUCCIÓN, PUBLICACIÓN, DISTRIBUCIÓN, FABRICACIÓN Y COPYRIGHT
Producción, publicación, distribución, fabricación y copyright Bogotá, Colombia :
Nombre del de productor, editor, distribuidor, fabricante Espasa,
Fecha de producción, publicación, distribución, fabricación o copyright 2011.
264 #4 - PRODUCCIÓN, PUBLICACIÓN, DISTRIBUCIÓN, FABRICACIÓN Y COPYRIGHT
Fecha de producción, publicación, distribución, fabricación o copyright ©2011.
300 ## - DESCRIPCIÓN FÍSICA
Extensión 268 páginas.
336 ## - TIPO DE CONTENIDO
Término de tipo de contenido texto
Código de tipo de contenido txt
Fuente rdacontenido
337 ## - TIPO DE MEDIO
Nombre/término del tipo de medio no mediado
Código del tipo de medio n
Fuente rdamedio
338 ## - TIPO DE SOPORTE
Nombre/término del tipo de soporte volumen
Código del tipo de soporte nc
Fuente rdasoporte
490 0# - MENCIÓN DE SERIE
Mención de serie Narrativa
520 3# - SUMARIO, ETC.
Sumario, etc. En París, de vez en cuando, llueve a cántaros y sopla el viento del norte tan fuerte que parece no haber resquicio donde refugiarse. Como cuando las borrascas llegan al corazón y no sabemos cómo ni dónde esperar a que escampe. Para Aurélie las casualidades no existen. Una tarde, más triste que nunca, se refugia en una librería y en un libro. Arrebujada en sus páginas, Aurélie reencuentra la sonrisa que creía haber perdido para siempre. Y muchas cosas más.
534 ## - NOTA SOBRE LA VERSIÓN ORIGINAL
Frase introductoria Título original:
Mención de título del original Das Lächeln der Frauen
650 10 - PUNTO DE ACCESO ADICIONAL DE MATERIA--TÉRMINO DE MATERIA
9 (RLIN) 1757
Término de materia NOVELA
942 #1 - ELEMENTOS DE ENTRADA AGREGADA (KOHA)
Fuente del sistema de clasificación o colocación Library of Congress Classification
Ocultar en OPAC No
Tipo de ítem Koha Libros
Existencias
Estado de retiro Estado de pérdida Fuente del sistema de clasificación o colocación Estado dañado No para préstamo Código de colección Localización permanente Ubicación/localización actual Ubicación en estantería Fecha de adquisición Fuente de adquisición Total de préstamos Cota Código de barras Fecha visto por última vez Precio válido a partir de Tipo de ítem Koha
    Library of Congress Classification     Colección general Biblioteca Universidad Monteávila Biblioteca Universidad Monteávila Colección general 05/11/2025 Donación de Carolina Amaya   PT2702 A757 A5 2011 00006603 05/11/2025 05/11/2025 Libros

Copyright @ UMA Library
Universidad Monteávila Caracas, Venezuela

Edif. Sede principal Universidad Monteávila. Av. El Buen Pastor. Boleíta Norte. Caracas. 
Customized by Universidad Monteávila

Con tecnología Koha